ბათუმის შოთა რუსთაველის სახელმწიფო უნივერსიტეტის ბიბლიოთეკა

ექსპერიმენტული მორფოლოგიის ინსტიტუტი : (ბიბ.ჩანაწერი № 61940)

000 -ლიდერი
ფიქსირებული სიგრძის საკონტროლო ველი 01128nam a22002057a 4500
003 - საკონტროლო ნომრის იდენტიფიკატორი
საკონტროლო ველი Ge_BSU
005 - ბოლო ოპერაციის თარიღი და დრო
საკონტროლო ველი 20240613104457.0
008 - ფიქსირებული სიგრძის მონაცემთა ელემენტები - ზოგადი ინფორმაცია
ფიქსირებული სიგრძის საკონტროლო ველი 240613s1953 ge ||||| |||| 00| 0 geo d
041 ## - ენის კოდი
Language code of text/sound track or separate title geo
080 ## - უნივერსალური ათობითი კლასიფიკაციის ინდექსი
Universal Decimal Classification number 611(063) ე-91
245 ## - ცნობა სათაურის შესახებ
Title ექსპერიმენტული მორფოლოგიის ინსტიტუტი :
Remainder of title შრომები. ტ. 4 /
Statement of responsibility, etc რედ. ალ. ნათიშვილი; საქართველოს სსრ მეცნიერებათა აკადემია.
264 ## - წარმოების, გამოცემის, დისტრიბუციის და სხვა ცნობები
გამოცემის, წარმოების, დისტრიბუციის... ადგილი თბილისი :
გამოცემის, წარმოების, დისტრიბუციის... სახელწოდება საქართველოს სსრ მეცნიერებათა აკადემია,
გამოცემის, წარმოების, დისტრიბუციის... თარიღი 1953.
300 ## - ფიზიკური აღწერა
Extent 304 გვ.;
Other physical details 25 სმ.
653 ## - INDEX TERM--UNCONTROLLED
Uncontrolled term შრომები
653 ## - INDEX TERM--UNCONTROLLED
Uncontrolled term ექსპერიმენტული მორფოლოგია
653 ## - INDEX TERM--UNCONTROLLED
Uncontrolled term მედიცინა
700 ## - ADDED ENTRY--PERSONAL NAME
Personal name ნათიშვილი, ალ.
Relator term რედაქტორი
9 (RLIN) 22403
710 ## - ADDED ENTRY--CORPORATE NAME
Corporate name or jurisdiction name as entry element საქართველოს სსრ მეცნიერებათა აკადემია
9 (RLIN) 22411
942 ## - ADDED ENTRY ELEMENTS (KOHA)
Source of classification or shelving scheme
Koha item type შრომები
ეგზემპლარები
ჩამოწერის სტატუსი დაკარგული ეგზემპლარის სტატუსი კლასიფიკაციის წყარო ან თაროზე გაწყობის სქემა დაზიანების სტატუსი არ გაიცემა მუდმივი მდებარეობა (დაცვის ადგილი) ამჟამინდელი ადგილსამყოფელი თაროზე განთავსების ადგილი შეძენის თარიღი ღირებულება, შესყიდვის ნორმალური ფასი სრული შენახვის შიფრი შტრიხკოდი ბოლო ოპერაციის თარიღი ეგზემპლარის მიმდევრობითი ნომერი (კეტერი?) ფასის ძალაში შესვლის თარიღი ეგზემპლარის სახეობა საჯარო შენიშვნა
          ბათუმის შოთა რუსთაველის სახელმწიფო უნივერსიტეტის მთავარი ბიბლიოთეკა ბათუმის შოთა რუსთაველის სახელმწიფო უნივერსიტეტის მთავარი ბიბლიოთეკა წიგნსაცავი 2024-06-13 3.04 611(063) ე-91 68158 2024-06-13 68158 2024-06-13 შრომები 3 ლ. 04 თ.
          ბათუმის შოთა რუსთაველის სახელმწიფო უნივერსიტეტის მთავარი ბიბლიოთეკა ბათუმის შოთა რუსთაველის სახელმწიფო უნივერსიტეტის მთავარი ბიბლიოთეკა წიგნსაცავი 2024-06-13 3.04 611(063) ე-91 68157 2024-06-13 68157 2024-06-13 შრომები 3 ლ. 04 თ.
          ბათუმის შოთა რუსთაველის სახელმწიფო უნივერსიტეტის მთავარი ბიბლიოთეკა ბათუმის შოთა რუსთაველის სახელმწიფო უნივერსიტეტის მთავარი ბიბლიოთეკა წიგნსაცავი 2024-06-13 3.04 611(063) ე-91 68156 2024-06-13 68156 2024-06-13 შრომები 3 ლ. 04 თ.